000 00721nam a2200229Ia 4500
001 11531
003 GE_BSU
008 181216s||||||||xx |||||||||||||| ||und||
040 _cGE_BSU
080 _a634.84(075.8)
100 _aრამიშვილი,მ.
245 _aამპელოგრაფია.
245 _bსახელმძღვ.სას.სამ. ინ–ტის სტუდენტებისათვის.
245 _cრედ:ლ.მესხი.
260 _aთბილისი.
260 _bგანათლება.
260 _c1986.
300 _a629გვ;22სმ.
300 _eილ.
653 _aამპელოგრაფია.
942 _cBK
999 _c44726
_d44726